000 00346nam a2200145Ia 4500
008 150301s2013 xx 000 0 und d
082 _a616.07
_bE13K
100 _aKAWTHALKAR, SHIRISH M.
245 _aESSENTIALS OF HAEMATOLOGY
250 _a2ND
260 _bJAYPEE
_aDELHI
_c2013
300 _a546
650 _aPATHOLOGY
942 _2ddc
_cBK
_012
999 _c6672
_d6672